Tristeza (Record no. 81898)

MARC details
000 -LEADER
campo de control de longitud fija 00460nam a2200157 i 4500
001 - NÚMERO DE CONTROL
campo de control 81898
003 - IDENTIFICADOR DE NÚMERO DE CONTROL
campo de control ES-MaACL
005 - FECHA Y HORA DE LA ÚLTIMA TRANSACCIÓN
campo de control 20230906174531.0
007 - CAMPO FIJO DE DESCRIPCIÓN FÍSICA--INFORMACIÓN GENERAL
campo de control de longitud fija t|
008 - DATOS DE LONGITUD FIJA--INFORMACIÓN GENERAL
campo de control de longitud fija 041108s1916 sp ||||1| spa d
100 1# - ENTRADA PRINCIPAL--NOMBRE DE PERSONA
Nombre de persona Iglesias Figueroa, Fernando.
9 (RLIN) 65112
245 10 - MENCIÓN DEL TÍTULO
Título Tristeza
Resto del título : poesías /
Mención de responsabilidad, etc. Fernando Iglesias Figueroa.
260 ## - PUBLICACIÓN, DISTRIBUCIÓN, ETC.
Lugar de publicación, distribución, etc. [S.l.] :
Nombre del editor, distribuidor, etc. Renovación,
Fecha de publicación, distribución, etc. 1916 (
Lugar de fabricación/manufactura Madrid :
Fabricante Hispano-Africana)
300 ## - DESCRIPCIÓN FÍSICA
Extensión 32 p. ;
Dimensiones 19 cm.
852 ## - LOCALIZACIÓN
Ubicación ES-MaACL
Número de control de estantería 1482-F-4
Holdings
Estatus retirado Estado de pérdida Estado de daño No para préstamo Colección Biblioteca de origen Biblioteca actual Ubicación en estantería Fecha de adquisición Fuente de adquisición Total de préstamos Signatura topográfica completa Código de barras Visto por última vez Precio de reemplazo Tipo de ítem Koha
        Colección de folletos Biblioteca del Ateneo de Madrid Biblioteca del Ateneo de Madrid Depósito folletos 17/01/2008     1482-F-4 1085602 23/02/2023 23/02/2023 Folleto